Эссе. Статьи. Рецензии: пер. с англ.; Почему я пишу; Казнь через повешение; Как я стрелял в слона; Воспоминания книготорговца; Памяти Каталонии; Чарлз Диккенс; Мысли в пути; Искусство Дональда Макгилла; Литература и тоталитаризм; Вспоминая войну в Испании; Артур Кестлер; Привелегия духовных пастырей; Англичане; Заметки о национализме; Политика против литературы; Как умирают бедняки; Писатели и Левиафан; Свиньи и... звезды

Bibliografiset tiedot
Päätekijä: Оруэлл Д. Джордж
Muut tekijät: Стариков А. (иллюстратор)
Kieli:venäjä
Julkaistu: Пермь, Капик, 1992
TOC:Почему я пишу;
Казнь через повешение;
Как я стрелял в слона;
Воспоминания книготорговца;
Памяти Каталонии;
Чарлз Диккенс;
Мысли в пути;
Искусство Дональда Макгилла;
Литература и тоталитаризм;
Вспоминая войну в Испании;
Артур Кестлер;
Привелегия духовных пастырей;
Англичане;
Заметки о национализме;
Политика против литературы;
Как умирают бедняки;
Писатели и Левиафан;
В. Недошивин, Свиньи и... звезды;
Aiheet:
Aineistotyyppi: Kirja
KOHA link:https://koha.lib.tpu.ru/cgi-bin/koha/opac-detail.pl?biblionumber=100963

MARC

LEADER 00000nam0a2200000 4500
001 100963
005 20231101214334.0
035 |a (RuTPU)RU\TPU\book\108679 
090 |a 100963 
100 |a 20060829d1992 m y0rusy50 ca 
101 1 |a rus  |c eng 
102 |a RU 
105 |a a z 001ay 
200 1 |a Эссе. Статьи. Рецензии  |e пер. с англ.  |f Д. Оруэлл  |g худож. А. Стариков 
210 |a Пермь  |c Капик  |d 1992 
215 |a 320 с.  |c ил. 
464 |t Почему я пишу 
464 |t Казнь через повешение 
464 |t Как я стрелял в слона 
464 |t Воспоминания книготорговца 
464 |t Памяти Каталонии  |o (главы из книги) 
464 |t Чарлз Диккенс 
464 |t Мысли в пути 
464 |t Искусство Дональда Макгилла 
464 |t Литература и тоталитаризм 
464 |t Вспоминая войну в Испании 
464 |t Артур Кестлер 
464 |t Привелегия духовных пастырей  |o Заметки о Сальвадоре Дали 
464 |t Англичане 
464 |t Заметки о национализме 
464 |t Политика против литературы 
464 |t Как умирают бедняки 
464 |t Писатели и Левиафан 
464 |t Свиньи и... звезды  |o Проза отчаяния и надежды Дж. Оруэлла  |f В. Недошивин  |a Недошивин, В. 
610 1 |a английская литература 
610 1 |a эссе 
610 1 |a статьи 
610 1 |a рецензии 
675 |a 82  |v 3 
700 1 |a Оруэлл  |b Д.  |c английский писатель, журналист  |c настоящая фамилия Блэйр  |f 1903-1950  |g Джордж  |2 stltpush  |3 (RuTPU)RU\TPU\pers\9665  |9 1933 
702 1 |a Стариков  |b А.  |4 440 
801 1 |a RU  |b 63413507  |c 20060829  |g PSBO 
801 2 |a RU  |b 63413507  |c 20180514  |g PSBO 
942 |c BK